Allgemeinwissen Nr.1 - Statistiken

Allgemein
  • Dieses Quiz wurde 393 mal gespielt
  • Das Durchschnittsergebnis liegt bei 9 aus 15
Antwortstatistiken
Frage Antwort % Korrekt
Wie viele Bundesländer hat Deutschland? 16
95%
Für was steht Fe? Eisen
94%
Welches ist der größte Klemmbaustein Hersteller der Welt? LEGO
85%
Wie viele Mannschaften spielen in der 1. Bundesliga? 18
84%
Wer sang: „2 mal 3 macht 4“? Pippi Langstrumpf
82%
Wo leben Eisbären? Nordpol
79%
Wofür stehen die olympischen Ringe? Kontinente
72%
Wo lebte Sherlock Holmes? London
72%
Aus welchem Land stammt der Papst? Argentinien
67%
Wann starb John F. Kennedy 1963
59%
Wer entwickelte Minecraft? Mojang
37%
Von wie vielen Staaten wird Taiwan als selbstständig anerkannt? 12
35%
Was sind Streifentenrek? Tiere
11%
Welche Strecke läuft man bei einem Marathon? 42,195 km
8%
Wie viele Einwohner hat Südtirol? 520.000
2%
Keine übereinstimmenden Quizze gefunden
Verteilung der Resultate
Anzahl Personen mit jedem Resultat
Perzentil nach korrekt beantworteten Fragen
Ihre Resultats-Entwicklung
Sie haben dieses Quiz noch nicht gespielt